Alle Truppen aus Clash of Clans - Statistiken

Allgemein
  • Dieses Quiz wurde 254 mal gespielt
  • Das Durchschnittsergebnis liegt bei 28 aus 52
Antwortstatistiken
Antwort % Korrekt
Barbar
98%
Bogenschütze
97%
Riese
89%
Drache
88%
Barbarenkönig
84%
Bogenschützen-Königin
84%
Kobold
80%
Ballon
79%
Elektrodrache
78%
Magier
78%
Schweinereiter
77%
Wutzauber
75%
Mauerbrecher
74%
Golem
72%
Hexe
70%
Blitzzauber
68%
Lakai
67%
P.E.K.K.A.
67%
Frostzauber
62%
Großer Wächter
62%
Heilungszauber
60%
Heiler
56%
Lavahund
56%
Sprungzauber
55%
Walküre
55%
Skelettzauber
52%
Fledermaus-Zauber
51%
Giftzauber
51%
Erdbebenzauber
50%
Tunnelgräber
49%
Bowler
46%
Eisgolem
46%
Drachenbaby
44%
Königliche Gladiatorin
44%
Eilzauber
43%
Yeti
41%
Klonzauber
39%
Unsichtbarkeitszauber
33%
Kampfholzwerfer
32%
Rückrufzauber
32%
Drachenreiter
30%
Elektrotitanin
29%
Wächterlehrling
28%
Wurzelkriegerin
27%
Felsenwerfer
25%
Kampfzeppelin
25%
Mauervernichter
25%
Belagerungskaserne
21%
Kopfjägerin
19%
Kampfbohrer
15%
Flammenschleuder
14%
Überwucherungszauber
14%
Keine übereinstimmenden Quizze gefunden
Verteilung der Resultate
Anzahl Personen mit jedem Resultat
Perzentil nach korrekt beantworteten Fragen
Ihre Resultats-Entwicklung
Sie haben dieses Quiz noch nicht gespielt